1433 1716 1753 1584 1751 1417 1794 1615 1476 1345 1006 1513 1497 1933 1049 1784 1873 1570 1985 1272 1019 1993 1957 1847 1499 1764 1746 1244 1922 1056 1950 1454 1340 1449 1177 1060 1411 1010 1661 1801 1048 1666 1840 1038 1087 1733 1936 1860 1210 1601 1029 1585 1715 1808 1453 1536 1172 1296 1112 1774 1429 1236 1694 1641 1403 1291 1904 1873 1472 1995 1289 1426 1733 1473 1056 1044 1753 1851 1375 1350 1733 1211 1519 1253 1765 1916 1778 1514 1065 1356 1233 1608 1681 1433 1949 1835 1425 1316 1130 BCNSPRNW ULIB Ver.6.0+V

เปลี่ยนเป็นภาษาไทย

Change to English
 แสดงรายละเอียดบรรณานุกรม
  กลับหน้าหลัก

Brief Record : Get Marc (ISO 2709) : E-mail record : QR code < ปิดหน้าต่าง
LEADER : 00000nam 2200000uu 4500
001    13399122693
003     ULIB
008    020711s2555 th a 000 0 tha d
020    9786165169523
050  4 DS520^bป546ร
100    ปานเสก อาทรธุระสุข
245    เรื่องควรรู้สู่ประชาคมอาเซียน /^cปานเสก อาทรธุระสุข
260    กรุงเทพฯ :^bเนชั่น เอ็ดดูเทนเมนท์,^c2555
300    119 หน้า
650    ประชาคมอาเซียน
945    ^p110^l0^i20135
999    ^aทศพร เกษรทอง
รายการนี้ยังไม่มีแท็ก
คุณยังไม่ได้ล็อกอิน คุณสามารถมีกิจกรรมร่วมกับเว็บไซต์ได้ แต่ต้องล็อกอินก่อน ::
  ล็อกอิน

รายการสื่อสารสนเทศ

ลำดับที่ ประเภท เลขเรียก/บาร์โค้ด สถานที่ สถานะ
1. การศึกษาทั่วไป
การศึกษาทั่วไป
DS520 ป546ร ฉ.1 
  Barcode: 20135
ห้องสมุดวิทยาเขตนครสวรรค์
►หนังสือทั่วไป:l:General Books
บนชั้น

รายการใกล้เคียง
    ผู้แต่ง [ปานเสก อาทรธุระสุข]

    หัวเรื่อง [ประชาคมอาเซียน]

BibComment


ยังไม่เคยถูกคอมเมนท์

คอมเมนท์ทรัพยากรรายการนี้
  คอมเมนท์: เรื่องควรรู้สู่ปร..


 Copyright 2026. Bcnsprnw @Library